| 000 | 00811nam a2200205 u 4500 | ||
|---|---|---|---|
| 001 | 000407808 | ||
| 003 | AM-YeHGA | ||
| 005 | 20250617132638.0 | ||
| 008 | 050204s1936 ||| r 000 0 rus d | ||
| 040 | _aAM-YeHGA | ||
| 041 | 0 | _arus | |
| 100 | 1 | _aМаландин, Г.А. | |
| 245 | 1 | 0 |
_aПочвы Урала : _bПринципы агротехники и мелиорации / _cГ.А. Маландин; Ред.: И. Антипин. |
| 260 |
_aСвердловск : _bСвердл. обл. госиздат, _c1936. |
||
| 300 |
_a328 с. : _b[2] л. карт., ил. |
||
| 504 | _aБиблиогр.: с. 320-325 | ||
| 653 | 0 | _aПочвообразовательные процессы - Урал | |
| 653 | 0 | _aФизико-химические свойства почв - Урал | |
| 090 | _c156398 | ||
| 999 |
_c154999 _d154999 |
||